000 00861nam a22002057a 4500
005 2010072707237.0
010 _aENG-97015
020 _a0198060211
_c795.00
020 _a9780198060215
_c795.00
035 _aEN-80548
037 _bDBAD/PUB
082 _a639.58095414
100 _aChopra, Kanchan
_93735
245 _aBiodiversity land use change and human well-being:
_ba study of aquaculture in the Indian sundarbans /
_cKanchan Chopra, Preeti Kapuria [and] Pushpam Kumar
260 _aNew Delhi
_bOxford University
_c2009
270 _aYMCA Library Building, Jai Singh Road
_bNew Delhi
_e110001
300 _axviii,273p.
_c22cm (Hb)
942 _2ddc
_cEN
_h639.58095414
_mCHO
999 _c37989
_d37989